|
|
|
|
| LEADER |
00000nam a2200000 a 4500 |
| 001 |
vtls001385679 |
| 003 |
SK-MaSNL |
| 005 |
20260301060852.0 |
| 008 |
160415s1999 xo 0 slo |
| 015 |
|
|
|a SNBG2000/02-00341
|
| 035 |
|
|
|a SNK000339813
|
| 040 |
|
|
|a SNK
|b slo
|c SNK
|e AACR2
|
| 041 |
0 |
|
|a slo
|
| 044 |
|
|
|a xo
|c SK
|
| 080 |
|
|
|a 641.85(058)"2000"
|2 1981
|
| 080 |
|
|
|a 664.682
|2 1981
|
| 245 |
1 |
|
|a Múčniky 2000
|h grafika
|b stolový kalendár
|c foto: Ivan Karlík, Milan Maťašovský ; zostavenie Gastropress
|
| 260 |
|
|
|a Banská Bystrica
|b Spektrum Grafik
|c [1999]
|
| 300 |
|
|
|a [32] listov
|b fotogr.
|c 20x30 cm
|
| 500 |
|
|
|a Tlač obojs.
|
| 650 |
0 |
7 |
|a múčniky
|x recepty
|y 2000
|x kalendáre stolové
|2 SNK
|9 372886
|
| 655 |
|
7 |
|a stolové kalendáre
|2 SNK
|9 70755
|
| 700 |
1 |
|
|a Karlík, Ivan
|4 fot
|9 303902
|
| 700 |
1 |
|
|a Maťašovský, Milan
|4 fot
|9 262723
|
| 710 |
0 |
|
|a Gastropress
|4 zos
|9 372887
|
| 958 |
|
|
|a TL
|
| 999 |
|
|
|c 616397
|d 618327
|
| 952 |
|
|
|t P60, <03>, [BOOK], {603}
|a SNK
|b SNK
|y PREZ
|7 0
|p 17A0232800
|o snkOSC 20604
|i snkKSP 3397/2000
|0 0
|1 0
|4 0
|d 2000-03-27
|l 0
|r 2005-01-02 00:00:00
|w 2026-02-23
|